| 000 | 00875nam1a22002171i 4500 | ||
|---|---|---|---|
| 001 | v19\rc\1227201 | ||
| 005 | 20260406194950.0 | ||
| 035 | _a(NLR Aleph) 004388413 | ||
| 090 |
_a3719941 _c3719941 |
||
| 100 | _a20060306d1879 |||y0rusy50 ca | ||
| 101 | 0 | _arus | |
| 102 | _aRU | ||
| 105 | _ay z ||||| | ||
| 200 | 1 |
_aАлфавитный список гласным С.-Петербургской биржи и их кандидатам _eСоставлен... |
|
| 210 |
_a[Санкт-Петербург] _dценз. 1879 |
||
| 532 | 1 | 2 | _aАлфавитный список гласным Санкт-Петербургской биржи и их кандидатам |
| 710 | 0 | 2 |
_aСанкт-Петербургская биржа _3RU\NLR\AUTH\889958185 _9412462 |
| 801 | 0 |
_aRU _bNLR _gpsbo |
|
| 801 | 1 |
_aRU _bProSoft-M _2rusmarc |
|
| 852 |
_aNLR _jШифры разные |
||
| 942 | _cBOOK | ||